A Tree

Tallennettuna:
Bibliografiset tiedot
Päätekijä: Moyer, Richard
Aineistotyyppi: Kirja
Kieli:English
Julkaistu: McGraw - HillCompanies, Inc 2000
Aiheet:
Tagit: Lisää tagi
Ei tageja, Lisää ensimmäinen tagi!
Thư viện lưu trữ: Mạng thư viện Đại học Đà Nẵng
LEADER 01028cam a22003251a 4500
001 000033601
003 9785
005 20151020000000.0
008 151016s2000 000 eng
020 |a 0022781935 
041 |a eng 
082 |a 420.58216  |b MO-R 
100 |a Moyer, Richard 
245 |a A Tree  |c Richard Moyer 
260 |a McGraw - HillCompanies, Inc  |c 2000 
300 |a 32p. : ill ; 30cm 
650 |a Richard Moyer, A Tree, tree, 2000 
852 |b Chuyên đề  |c Tiếng Anh tham khảo 1 
OWN |a LNN 
AVA |a UDN50  |b LNN  |d 420.58216 MO-R  |e available  |t Error 5001 Not defined in file expand_doc_bib_avail.  |f 1  |g 0  |h N  |i 0  |k 1 
999 |a From the UDN01 
AVA |a UDN50  |b LNN  |d 420.58216 MO-R  |e available  |t Error 5001 Not defined in file expand_doc_bib_avail.  |f 1  |g 0  |h N  |i 0  |k 1 
TYP |a Monograph 
980 |a Mạng thư viện Đại học Đà Nẵng